| 000 | 00398nam a22001577a 4500 | ||
|---|---|---|---|
| 003 | OSt | ||
| 005 | 20220408111542.0 | ||
| 008 | 220408b |||||||| |||| 00| 0 eng d | ||
| 020 | _a9789380026572 | ||
| 040 | _cH.U | ||
| 082 | _a629.8 | ||
| 100 |
_aPrasad _924709 |
||
| 245 | _aInstrumentation & Process Control | ||
| 260 |
_aNew Delhi _bI.K .INTERNATIONAL PUBLISHING _c2010 |
||
| 942 |
_2ddc _cBOOKS _n0 |
||
| 999 |
_c34576 _d34576 |
||